| 000 | 00977nas a2200289 4500 | ||
|---|---|---|---|
| 001 | BR8401256 | ||
| 003 | BR-BrBNA | ||
| 005 | 20231205085826.0 | ||
| 007 | ta | ||
| 008 | 230509b bl.|||p| |||| 00| 00por d | ||
| 040 |
_aBR-BrBNA _bpor _cBiblioteca Nacional de Agricultura |
||
| 041 | _a(Pt) | ||
| 072 | _aF60 | ||
| 100 | 1 | _aComassetto, V. | |
| 100 | 1 | _aStorck, L. | |
| 100 | 1 | _aRitter, R. | |
| 245 | 1 | _aDeterminacao da habilidade de germinacao existente em cultivares de milho doce, em ambientes desfavoraveis [Zea mays, semente] | |
| 246 | 1 | _aGermination capability of maize cultivars under unfavorable environment conditions [Zea mays, seed] | |
| 650 | _aMILHO DOCE | ||
| 650 | _aSEMENTE | ||
| 650 | _aGERMINACAO | ||
| 650 | _aMEIO AMBIENTE | ||
| 650 | _aTEMPERATURA | ||
| 773 | 0 |
_tRevista do Centro de Ciencias Rurais (Brazil) _xISSN 0085-5961 _g(Jan 1983), v. 13(1) p. 75-82 _wBR8401256 |
|
| 909 |
_a202311 _bLúcia _c55 _dLúcia Elande |
||
| 942 |
_2AGRIS _n0 _cANA |
||
| 999 |
_c114093 _d114093 |
||